| 000 | 00392nam a2200145Ia 4500 | ||
|---|---|---|---|
| 008 | 230917s9999||||xx |||||||||||||| ||und|| | ||
| 040 |
_e69491 _aMAIN |
||
| 041 | _aEnglish | ||
| 082 | _a370.03 A38D | ||
| 100 | _aAggarwal, J C | ||
| 245 | 0 | _aDocumentation encyclopaedia of Unesco and education. 2 Pts | |
| 260 |
_aNew Delhi _bConcept Publishing _c1991 |
||
| 300 | _avii, 799 p. | ||
| 942 | _cBK | ||
| 999 |
_c68915 _d68915 |
||